000 00199 a2200097 4500
001 8038
100 _aMuuus, F B
245 _aThe spark and the flame
260 _a
_bMuseum
_c
090 _c6444
_d6444
942 _aNUST-CAE
_cM
_c32983
999 _c243111
_d243111